[Event "25th Czech Open A 2014"]
[Site "Pardubice CZE"]
[Date "2014.07.20"]
[Round "3.1"]
[White "Simantsev, Mikhail"]
[Black "Nisipeanu, Liviu-Dieter"]
[Result "1/2-1/2"]
[WhiteTitle "GM"]
[BlackTitle "GM"]
[WhiteElo "2434"]
[BlackElo "2686"]
[WhiteFideId "14104555"]
[BlackFideId "1202758"]
[EventDate "2014.07.18"]

1. d4 Nf6 2. c4 e6 3. Nf3 d5 4. Nc3 Nbd7 5. Bf4 dxc4 6. e3 Nd5 7. Bxc4 Nxf4 8.
exf4 Bb4 9. Qb3 Bxc3+ 10. Qxc3 O-O 11. O-O Nb6 12. Bb3 Bd7 13. Ne5 Ba4 14. Bc4
Nxc4 15. Qxc4 Qe8 16. Qxc7 f6 17. Ng4 Bc6 18. Ne3 Rd8 19. Rad1 Qh5 20. Qe7 Rfe8
21. Qc5 Qh4 22. Qxa7 Qxf4 23. Qc5 Rd6 24. Rd2 Red8 25. Rfd1 Qe4 26. d5 Bxd5 27.
Rd4 Qe5 28. Nxd5 Rxd5 29. Rxd5 Rxd5 30. Qc8+ Kf7 31. Qxb7+ Kg6 32. Qb3 Qe2 33.
Qg3+ Kf7 34. Qc7+ 1/2-1/2

[Event "25th Czech Open A 2014"]
[Site "Pardubice CZE"]
[Date "2014.07.20"]
[Round "3.2"]
[White "Mozharov, Mikhail"]
[Black "Biolek, Richard Jr."]
[Result "0-1"]
[WhiteTitle "GM"]
[BlackTitle "IM"]
[WhiteElo "2540"]
[BlackElo "2429"]
[WhiteFideId "4189825"]
[BlackFideId "319996"]
[EventDate "2014.07.18"]

1. d4 Nf6 2. c4 g6 3. Nc3 Bg7 4. g3 O-O 5. Bg2 d6 6. Nf3 Nbd7 7. O-O e5 8. Qc2
c6 9. Rd1 Qc7 10. b3 Re8 11. dxe5 dxe5 12. Ba3 e4 13. Nd4 e3 14. f4 Qa5 15. Bd6
Ng4 16. Ne4 Ndf6 17. Ng5 h6 18. b4 Qd8 19. Nxf7 Kxf7 20. c5 Nf2 21. b5 cxb5 22.
Qb3+ Be6 23. Nxe6 Rxe6 24. Bxb7 Nxd1 25. Rxd1 Qe8 26. c6 Ne4 27. f5 gxf5 28. c7
Nc3 29. Qc2 Rc8 30. Bxc8 Qxc8 31. Qxf5+ Kg8 32. Rf1 Nxe2+ 33. Kg2 Nd4 34. Qg4
Re8 35. Qg6 Qe6 36. Rf6 Qd5+ 37. Kh3 Ra8 38. Qg4 Qc4 39. Bf8 Ne6 40. Bxg7 Ng5+
41. Kh4 Qxg4+ 42. Kxg4 Kxg7 43. Rc6 Rc8 44. h4 e2 45. Rc1 Ne6 0-1

[Event "25th Czech Open A 2014"]
[Site "Pardubice CZE"]
[Date "2014.07.20"]
[Round "3.3"]
[White "Nagy, Gabor1"]
[Black "Saric, Ante"]
[Result "1/2-1/2"]
[WhiteTitle "IM"]
[BlackTitle "GM"]
[WhiteElo "2434"]
[BlackElo "2536"]
[WhiteFideId "737119"]
[BlackFideId "14506254"]
[EventDate "2014.07.18"]

1. Nf3 Nf6 2. c4 e6 3. Nc3 Bb4 4. Qc2 O-O 5. a3 Bxc3 6. Qxc3 b6 7. b4 Bb7 8. Bb2
d6 9. g3 Nbd7 10. Bg2 Ne5 11. O-O Nxf3+ 1/2-1/2

[Event "25th Czech Open A 2014"]
[Site "Pardubice CZE"]
[Date "2014.07.20"]
[Round "3.4"]
[White "D'Costa, Lorin A R"]
[Black "Teske, Henrik"]
[Result "1-0"]
[WhiteTitle "IM"]
[BlackTitle "GM"]
[WhiteElo "2421"]
[BlackElo "2512"]
[WhiteFideId "409219"]
[BlackFideId "4611500"]
[EventDate "2014.07.18"]

1. c4 b6 2. Nc3 Bb7 3. e4 Nf6 4. d3 c5 5. g3 Nc6 6. Bg2 d6 7. Nge2 g6 8. O-O Bg7
9. h3 O-O 10. Be3 a6 11. Qd2 Qd7 12. Rad1 b5 13. f4 b4 14. Nd5 Rab8 15. f5 Nxd5
16. exd5 Ne5 17. g4 e6 18. f6 Bh8 19. Bh6 Rfe8 20. Ng3 exd5 21. cxd5 a5 22. Qg5
Ba6 23. Be4 c4 24. Nf5 cxd3 25. Bg7 Bxg7 26. Nxg7 Qa7+ 27. Kh2 Nd7 28. Ne6 Nxf6
29. Rxf6 Rbc8 30. Rdf1 fxe6 31. Bxg6 Qg7 32. Bxh7+ Kh8 33. Bg6 Re7 34. dxe6 d2
35. Qh5+ Kg8 36. Bf7+ Rxf7 37. exf7+ Kf8 38. Qd5 d1=Q 39. Qxd1 Rc6 40. R1f2 Qg5
41. Qe1 1-0

[Event "25th Czech Open A 2014"]
[Site "Pardubice CZE"]
[Date "2014.07.20"]
[Round "3.5"]
[White "Bluebaum, Matthias"]
[Black "Nakar, Eylon"]
[Result "1/2-1/2"]
[WhiteTitle "IM"]
[BlackTitle "IM"]
[WhiteElo "2510"]
[BlackElo "2419"]
[WhiteFideId "24651516"]
[BlackFideId "2811111"]
[EventDate "2014.07.18"]

1. Nf3 Nf6 2. c4 e6 3. g3 d5 4. Bg2 Be7 5. d4 O-O 6. Qc2 c5 7. O-O cxd4 8. Nxd4
e5 9. Nf5 d4 10. Nxe7+ Qxe7 11. Bg5 Nbd7 12. Nd2 h6 13. Bxf6 Nxf6 14. c5 Be6 15.
b4 Nd5 16. Qb2 Rfc8 17. Nc4 b6 18. Nxe5 bxc5 19. bxc5 Qxc5 20. Rfc1 Qb6 21. Qxb6
axb6 22. Nc6 Rc7 23. Nb4 Rd7 24. Rab1 Ra4 25. Bxd5 Bxd5 26. Rb2 Be6 27. Rd1 g6
28. f3 Kg7 29. Rdd2 b5 30. Nd3 Rc7 31. Rxb5 Rxa2 32. Rxa2 Bxa2 33. Rb2 Be6 34.
Kf2 Bf5 35. Ne1 g5 36. Rb5 Kf6 37. Rb6+ Kg7 38. Rb4 Rd7 39. g4 Bg6 40. Nd3 Bxd3
41. exd3 Rd6 42. Kg3 Kg6 43. Rb5 Kg7 44. Ra5 Kf6 45. Rb5 Kg7 46. Rb4 Kg6 47. h4
gxh4+ 48. Kxh4 f5 49. Rb5 fxg4 50. fxg4 Rd7 51. Rb6+ Kg7 52. Rb4 Rd5 53. Rb7+
Kg6 54. Rb6+ Kg7 55. Re6 Kh7 56. Rf6 Kg7 57. Rf4 Kg6 58. Kg3 h5 59. gxh5+ Rxh5
60. Kf3 Rf5 61. Ke4 Rxf4+ 62. Kxf4 Kf6 1/2-1/2

[Event "25th Czech Open A 2014"]
[Site "Pardubice CZE"]
[Date "2014.07.20"]
[Round "3.6"]
[White "Berchtenbreiter, Maximilian"]
[Black "Haba, Petr"]
[Result "1/2-1/2"]
[WhiteTitle "IM"]
[BlackTitle "GM"]
[WhiteElo "2419"]
[BlackElo "2502"]
[WhiteFideId "24641120"]
[BlackFideId "300160"]
[EventDate "2014.07.18"]

1. e4 e6 2. d4 d5 3. Nc3 Bb4 4. exd5 exd5 5. Qf3 c6 6. a3 Bd6 7. Bd3 Qf6 8. Qxf6
Nxf6 9. Bg5 Ng8 10. O-O-O f6 11. Bh4 Nh6 12. Bg3 Bxg3 13. hxg3 Bf5 14. Bxf5 Nxf5
15. g4 Nd6 16. Re1+ Kf7 17. g5 Nd7 18. gxf6 Kxf6 19. Rh3 Rae8 20. Rf3+ Kg6 21.
Rg3+ Kf7 22. Rf3+ Nf6 23. Nge2 Re7 1/2-1/2

[Event "25th Czech Open A 2014"]
[Site "Pardubice CZE"]
[Date "2014.07.20"]
[Round "3.7"]
[White "Shalimov, Valery"]
[Black "Kislinsky, Alexey"]
[Result "0-1"]
[WhiteTitle "IM"]
[BlackTitle "GM"]
[WhiteElo "2412"]
[BlackElo "2491"]
[WhiteFideId "14104881"]
[BlackFideId "14108801"]
[EventDate "2014.07.18"]

1. d4 d6 2. e4 Nf6 3. Nc3 g6 4. Nf3 Bg7 5. Be2 O-O 6. O-O e6 7. Bf4 Nc6 8. Qd2
a6 9. a4 b6 10. Rad1 Bb7 11. Rfe1 Ne7 12. Bf1 Nd7 13. Bh6 Qe8 14. Qf4 Kh8 15. h4
Bxh6 16. Qxh6 Ng8 17. Qg5 f6 18. Qe3 Qf7 19. Bc4 Rae8 20. Qe2 Nb8 21. Qd2 Qg7
22. Bd3 Nh6 23. Ne2 f5 24. Ng3 f4 25. Ne2 e5 26. dxe5 dxe5 27. Qc3 Ng4 28. Kf1
a5 29. Neg1 Na6 30. Bb5 Rd8 31. Bc6 Bc8 32. b3 Nc5 33. Rd5 Ba6+ 34. Bb5 Bxb5+
35. axb5 Nxe4 36. Qc6 Rxd5 37. Qxd5 Nef6 38. Qc6 e4 39. Ng5 Qe7 40. N1h3 e3 41.
f3 Ne5 42. Qe6 Qc5 43. Nxf4 Nfg4 44. Ne2 h6 45. Kg1 hxg5 46. fxg4 gxh4 47. g5
Rf5 48. Rd1 Qf8 49. Rd4 Rxg5 50. Rf4 Qd8 51. Rxh4+ Kg7 52. Kh2 Rf5 53. Kh3 Nf7
54. Qxe3 Re5 55. Qd4 Qxd4 56. Nxd4 Nd6 57. Kg3 g5 58. Rh1 Re4 59. c3 Re3+ 60.
Kg4 Kg6 61. Rh3 Re4+ 62. Kg3 Re5 63. c4 Re4 64. Nc2 a4 65. Kf2 g4 66. Rd3 axb3
67. Rxb3 Rxc4 68. Ne3 Rd4 69. Ke2 Kg5 70. Rb1 Kf4 71. Rf1+ Ke5 72. Rb1 Ra4 73.
Rb3 Ra2+ 74. Kd3 g3 75. Rb4 Ra3+ 76. Ke2 Rc3 77. Rg4 Nf5 78. Nxf5 Kxf5 79. Rg7
Kf6 80. Rg4 Ke6 81. Rb4 Kd6 82. Rb1 Kd5 83. Rb2 Kc4 84. Rb1 Kd4 85. Rb4+ Kc5 86.
Rb1 Kc4 87. Rb2 Rb3 88. Rc2+ Kxb5 89. Rxc7 Kb4 90. Rg7 b5 91. Kd1 Rc3 92. Rg5
Kc4 93. Rg4+ Kb3 94. Re4 b4 95. Re8 Kb2 96. Re2+ Kb1 0-1

[Event "25th Czech Open A 2014"]
[Site "Pardubice CZE"]
[Date "2014.07.20"]
[Round "3.8"]
[White "Poetsch, Hagen"]
[Black "Kanmazalp, Ogulcan"]
[Result "1/2-1/2"]
[WhiteTitle "IM"]
[BlackTitle "IM"]
[WhiteElo "2477"]
[BlackElo "2412"]
[WhiteFideId "24615137"]
[BlackFideId "6304990"]
[EventDate "2014.07.18"]

1. e4 c5 2. Nf3 d6 3. d4 cxd4 4. Nxd4 Nf6 5. Nc3 g6 6. Be3 Bg7 7. f3 O-O 8. Qd2
Nc6 9. g4 Be6 10. Nxe6 fxe6 11. O-O-O Ne5 12. Be2 Qc8 13. h4 Nfd7 14. f4 Nc4 15.
Bxc4 Qxc4 16. e5 b5 17. Kb1 Rad8 18. exd6 Nb6 19. Bxb6 Rxd6 20. Qe3 Rxb6 21. Ne2
Ra6 22. a3 b4 23. Qd3 Qxd3 24. Rxd3 bxa3 25. bxa3 Rb8+ 26. Rb3 Rxb3+ 27. cxb3
Rxa3 28. Nc1 a5 29. Re1 a4 30. Kc2 axb3+ 31. Nxb3 Ra4 32. Kd3 Rxf4 33. Re4 Rf3+
34. Re3 Rf4 35. Re4 e5 36. Rxf4 exf4 37. Ke4 e5 38. Nd2 Kf7 39. Kd5 h6 40. Nf3
Ke7 41. h5 gxh5 42. gxh5 Kf7 43. Ke4 Ke6 44. Nh2 Kf6 45. Nf3 Ke6 46. Nh2 Kd6 47.
Ng4 Kc5 48. Nf2 Kc4 49. Nd3 f3 50. Nxe5+ Bxe5 1/2-1/2

[Event "25th Czech Open A 2014"]
[Site "Pardubice CZE"]
[Date "2014.07.20"]
[Round "3.9"]
[White "Yagupov, Igor"]
[Black "Arun Prasad, S."]
[Result "0-1"]
[WhiteTitle "GM"]
[BlackTitle "GM"]
[WhiteElo "2410"]
[BlackElo "2472"]
[WhiteFideId "4113632"]
[BlackFideId "5011167"]
[EventDate "2014.07.18"]

1. e4 c5 2. Nf3 d6 3. d4 cxd4 4. Nxd4 Nf6 5. Nc3 a6 6. f3 e6 7. Be3 Nbd7 8. Qd2
b5 9. g4 h6 10. O-O-O b4 11. Nce2 Qc7 12. h4 d5 13. Bf4 e5 14. Bh2 dxe4 15. g5
hxg5 16. hxg5 Rxh2 17. Rxh2 exd4 18. Rh8 Nd5 19. Qxd4 Bb7 20. fxe4 Ne7 21. Bh3
Nc5 22. Bf5 b3 23. Qc4 Nxf5 24. exf5 bxc2 25. Rd4 Qe7 26. g6 fxg6 27. fxg6 Rc8
28. Nc3 Qe3+ 29. Rd2 Qe1+ 30. Kxc2 Be4+ 31. Nxe4 Qxe4+ 0-1

[Event "25th Czech Open A 2014"]
[Site "Pardubice CZE"]
[Date "2014.07.20"]
[Round "3.10"]
[White "Simacek, Pavel"]
[Black "Vyskocil, Neklan"]
[Result "1/2-1/2"]
[WhiteTitle "IM"]
[BlackTitle "IM"]
[WhiteElo "2470"]
[BlackElo "2407"]
[WhiteFideId "307165"]
[BlackFideId "307106"]
[EventDate "2014.07.18"]

1. e4 c5 2. Nf3 e6 3. d4 cxd4 4. Nxd4 Nc6 5. Nb5 d6 6. Bf4 e5 7. Be3 a6 8. N5c3
Nf6 9. Bg5 Be6 10. Bxf6 Qxf6 11. Nd5 Qd8 12. Nbc3 Nd4 13. Bc4 Rc8 14. Bb3 Be7
15. O-O Nxb3 16. cxb3 O-O 17. Qd3 Qe8 18. b4 Bd8 19. Ne3 Bb6 20. Qxd6 Bd4 21.
Ned5 Rd8 22. Qe7 Rd7 23. Qxe8 Rxe8 24. Rad1 Red8 25. a3 f5 26. Ne3 g6 27. Rfe1
Kg7 28. Rc1 Rc8 29. g3 Rdc7 30. Ned1 Bb3 31. Kg2 Kf6 32. f4 exf4 33. gxf4 fxe4
34. Nxe4+ Kg7 35. Ndc3 Bd5 36. Rcd1 Bxc3 37. bxc3 Bxe4+ 38. Rxe4 Kh6 39. a4 Rxc3
40. Rd2 R8c4 41. Rdd4 Rc2+ 42. Kf3 Rxd4 43. Rxd4 Rxh2 44. Rd7 b6 45. Rd6 Ra2 46.
Rxb6 Rxa4 47. Rb7 a5 48. bxa5 Rxa5 1/2-1/2

[Event "25th Czech Open A 2014"]
[Site "Pardubice CZE"]
[Date "2014.07.20"]
[Round "3.11"]
[White "Akesson, Ralf"]
[Black "Vavulin, Maksim"]
[Result "1/2-1/2"]
[WhiteTitle "GM"]
[BlackTitle "IM"]
[WhiteElo "2462"]
[BlackElo "2393"]
[WhiteFideId "1700120"]
[BlackFideId "4169530"]
[EventDate "2014.07.18"]

1. Nf3 Nf6 2. c4 b6 3. d4 e6 4. g3 Ba6 5. b3 b5 6. cxb5 Bxb5 7. Bg2 Bb4+ 8. Bd2
a5 9. Bxb4 axb4 10. Qd2 Qe7 11. Qg5 d5 12. Qxg7 Rg8 13. Qh6 c5 14. O-O Bxe2 15.
Rc1 Bxf3 16. Bxf3 cxd4 17. Qh4 Nbd7 18. Qxd4 e5 19. Qb2 e4 20. Bg2 Qe5 21. Qxe5+
Nxe5 22. Nd2 Kd7 23. Nf1 Nfg4 24. Rd1 Ke6 25. h3 Nf6 26. Ne3 Rgc8 27. Rd2 Rc3
28. Rad1 Ra5 29. h4 Nc6 30. Re1 Rac5 31. f3 Rc1 32. Rxc1 Rxc1+ 33. Rd1 Rxd1+ 34.
Nxd1 Nd4 35. Kf2 Ke5 36. Ne3 exf3 37. Bxf3 Ne4+ 38. Bxe4 dxe4 39. Ng4+ Kf5 40.
Ne3+ Ke5 41. Nc4+ Kd5 42. Ke3 1/2-1/2

[Event "25th Czech Open A 2014"]
[Site "Pardubice CZE"]
[Date "2014.07.20"]
[Round "3.12"]
[White "Belyakov, Bogdan"]
[Black "Garcia Roman, Daniel"]
[Result "1/2-1/2"]
[WhiteTitle "IM"]
[BlackTitle "IM"]
[WhiteElo "2456"]
[BlackElo "2379"]
[WhiteFideId "24104795"]
[BlackFideId "2215870"]
[EventDate "2014.07.18"]

1. e4 c5 2. c3 e6 3. d4 d5 4. e5 Qb6 5. a3 Nc6 6. Nf3 Bd7 7. b4 cxd4 8. cxd4 Rc8
9. Be3 Nh6 10. Bd3 Ng4 11. O-O Nxe3 12. fxe3 g6 13. Nbd2 Bh6 14. Qe2 Ne7 15. g4
Ba4 16. Rac1 O-O 17. Rc5 Rxc5 18. bxc5 Qa5 19. Re1 b6 20. cxb6 axb6 21. Qf2 Qc3
22. Qh4 Bg7 23. Bb1 Qxa3 24. Ng5 h6 25. Nh3 Rc8 26. Kg2 Bc2 27. Qf2 Bxb1 28.
Rxb1 Rc2 29. Ng1 Qa2 30. Ngf3 Qxb1 31. Nxb1 Rxf2+ 32. Kxf2 Kf8 33. Nc3 Ke8 34.
Nb5 Nc8 35. Nd2 Kd7 36. Ke2 Kc6 37. Nc3 Bf8 38. Nf3 Be7 39. Kd3 Na7 40. e4 Nb5
41. exd5+ exd5 42. Nxb5 Kxb5 43. h4 Kc6 44. h5 gxh5 45. gxh5 Kd7 46. Ng1 f6 47.
exf6 Bxf6 48. Ne2 Bg5 49. Kc3 Kc6 50. Kb3 b5 51. Kc3 Kb6 52. Kb3 Bd2 53. Kc2 Be3
54. Kb3 Bf2 55. Kc2 Kc6 56. Kc3 Be1+ 57. Kc2 Kd6 58. Kb3 Ba5 59. Kc2 Bb6 60. Kb3
Ba5 61. Kc2 Bc7 62. Kc3 Kc6 63. Kb4 Bd6+ 64. Kb3 Be7 65. Nc3 Bg5 66. Ne2 Bf6 67.
Kb4 Be7+ 68. Kb3 Bd6 69. Nc3 b4 70. Na2 Kb5 71. Nc1 Bf4 72. Nd3 Bd2 73. Kc2 Bc3
74. Kb3 Bd2 75. Kc2 Bc3 76. Kb3 Bxd4 77. Nxb4 Kc5 78. Nd3+ Kd6 79. Kc2 Be3 80.
Nb4 Bc5 81. Nd3 Be3 82. Nb4 Ke5 83. Kd3 Bc5 84. Na2 Bd4 85. Nb4 Bc5 86. Na2 Bb6
87. Nb4 Bc5 1/2-1/2

[Event "25th Czech Open A 2014"]
[Site "Pardubice CZE"]
[Date "2014.07.20"]
[Round "3.13"]
[White "Yuffa, Daniil"]
[Black "Vetoshko, Volodymyr"]
[Result "1/2-1/2"]
[WhiteTitle "IM"]
[BlackTitle "FM"]
[WhiteElo "2447"]
[BlackElo "2338"]
[WhiteFideId "24131423"]
[BlackFideId "14122480"]
[EventDate "2014.07.18"]

1. d4 Nf6 2. c4 e6 3. g3 c5 4. d5 exd5 5. cxd5 d6 6. Nc3 g6 7. Bg2 Bg7 8. Nf3
O-O 9. O-O Re8 10. a4 a6 11. Bf4 Nh5 12. Bg5 Qc7 13. Qc1 Nd7 14. h3 Nhf6 15. Bh6
Bh8 16. Qf4 Rb8 17. Rac1 Ne5 18. Nxe5 Rxe5 19. b4 b6 20. a5 c4 21. axb6 Rxb6 22.
Bg5 Rxb4 23. Bxf6 Rf5 24. Qd2 Rxf6 25. Ne4 a5 26. g4 g5 27. Qxg5+ Rg6 28. Qe3
Qe7 29. Qa3 Qa7 30. Qg3 Be5 31. Qh4 f6 32. Kh1 Qg7 33. f4 Bb2 34. Nxd6 Bxg4 35.
Nxc4 Bxc1 36. Rxc1 Bxh3 37. Qxh3 Rh6 38. Nd6 Rb8 39. Nf5 Rxh3+ 40. Bxh3 Qb7 41.
Kh2 Kf8 42. Rc6 Qb2 43. Bg4 Rd8 44. Bh5 a4 45. Rc7 Qb8 46. d6 Qxc7 47. dxc7 Rc8
48. Bf7 Rxc7 49. Bd5 Rc2 50. Ng3 a3 51. Kh3 a2 52. Bxa2 Rxa2 53. Kg4 Kg7 54. e4
Kg6 55. Nf5 h5+ 56. Kg3 Ra1 57. Ne7+ Kf7 58. Nf5 Rg1+ 59. Kf2 Rg6 60. Kf3 Ke8
61. Nh4 Rg8 62. Nf5 Kd7 63. Nh4 Kd6 64. Nf5+ Kc5 65. Nh4 Kd4 66. Nf5+ Kd3 67. e5
fxe5 68. fxe5 Rg5 69. Nh6 Rxe5 70. Kg3 Ke3 71. Kh4 Kf4 72. Ng8 Re8 73. Nh6 Re5
74. Ng8 Ra5 75. Nf6 Kf5 76. Nxh5 Ra4+ 77. Kh3 Ra3+ 78. Kh4 1/2-1/2

[Event "25th Czech Open A 2014"]
[Site "Pardubice CZE"]
[Date "2014.07.20"]
[Round "3.14"]
[White "Sabuk, Piotr"]
[Black "Rasik, Vitezslav"]
[Result "1/2-1/2"]
[BlackTitle "IM"]
[WhiteElo "2336"]
[BlackElo "2445"]
[WhiteFideId "1137565"]
[BlackFideId "300306"]
[EventDate "2014.07.18"]

1. d4 Nf6 2. c4 g6 3. g3 Bg7 4. Bg2 O-O 5. Nc3 d6 6. Nf3 Nc6 7. O-O a6 8. Qd3 e5
9. dxe5 dxe5 10. Qxd8 Rxd8 11. Bg5 Re8 12. Rfd1 h6 13. Bxf6 Bxf6 14. Nd2 Kg7 15.
Nde4 Be7 16. Nd5 Bd8 17. Nc5 Nd4 18. Nc3 Rb8 19. e3 Ne6 20. Nd7 Bxd7 21. Rxd7
Nf8 22. Rd2 f5 23. Rad1 c6 24. a3 Be7 25. Kf1 Kf6 26. Ke2 Red8 27. Rxd8 1/2-1/2

[Event "25th Czech Open A 2014"]
[Site "Pardubice CZE"]
[Date "2014.07.20"]
[Round "3.15"]
[White "Kerigan, Demre"]
[Black "Chandra, Akshat"]
[Result "1/2-1/2"]
[WhiteTitle "FM"]
[BlackTitle "IM"]
[WhiteElo "2318"]
[BlackElo "2442"]
[WhiteFideId "6307841"]
[BlackFideId "25006711"]
[EventDate "2014.07.18"]

1. e4 c5 2. Nf3 e6 3. d4 cxd4 4. Nxd4 Nc6 5. Nc3 Qc7 6. Nxc6 bxc6 7. Bd3 Nf6 8.
O-O Be7 9. Qf3 O-O 10. Re1 e5 11. Bc4 d6 12. Bg5 h6 13. Bxf6 Bxf6 14. Rad1 Rb8
15. Bb3 Kh8 16. Ne2 Be7 17. Ng3 g6 18. Rd3 f5 19. exf5 Bxf5 20. Nxf5 Rxf5 21.
Qg4 Kg7 22. Rg3 Rf6 23. c4 Bd8 24. Ree3 Qc8 25. Qxc8 Rxc8 26. c5 Bc7 27. cxd6
Bxd6 28. Rgf3 Rcf8 29. Rxf6 Rxf6 30. Rc3 Bc7 31. Ba4 1/2-1/2

[Event "25th Czech Open A 2014"]
[Site "Pardubice CZE"]
[Date "2014.07.20"]
[Round "3.16"]
[White "Vorobiov, Evgeny E."]
[Black "Feher, Adam"]
[Result "1-0"]
[WhiteTitle "GM"]
[WhiteElo "2591"]
[BlackElo "2398"]
[WhiteFideId "4121341"]
[BlackFideId "739081"]
[EventDate "2014.07.18"]

1. e4 c6 2. Nc3 d5 3. Nf3 Bg4 4. h3 Bxf3 5. Qxf3 e6 6. d3 Nf6 7. a3 Bd6 8. g3
Nbd7 9. Bg2 O-O 10. O-O Qb6 11. Kh2 Rad8 12. Qe2 dxe4 13. dxe4 e5 14. Nd1 Nc5
15. b4 Ne6 16. c3 a5 17. Nb2 axb4 18. axb4 Ra8 19. Be3 Qc7 20. Nc4 b5 21. Nxd6
Qxd6 22. Rfd1 Qc7 23. Kg1 Nd7 24. h4 Nb6 25. Bh3 Na4 26. Qc2 Qe7 27. Qb3 Rfd8
28. Kg2 Qf6 29. Bg4 Qg6 30. Bf5 Qf6 31. Rac1 Qe7 32. Bxe6 Qxe6 33. Qxe6 fxe6 34.
Rxd8+ Rxd8 35. c4 bxc4 36. Rxc4 Rb8 37. Kf3 Kf7 38. g4 Ke7 39. Rxc6 Rxb4 40.
Rc7+ Kf8 41. g5 Rb3 42. h5 Nb2 43. Kg4 Nd3 44. g6 hxg6 45. hxg6 Rb1 46. Rc8+ Ke7
47. Bg5+ 1-0

[Event "25th Czech Open A 2014"]
[Site "Pardubice CZE"]
[Date "2014.07.20"]
[Round "3.17"]
[White "Repka, Christopher"]
[Black "Kravtsiv, Martyn"]
[Result "1/2-1/2"]
[BlackTitle "GM"]
[WhiteElo "2380"]
[BlackElo "2569"]
[WhiteFideId "14918781"]
[BlackFideId "14113147"]
[EventDate "2014.07.18"]

1. d4 d5 2. Nf3 e6 3. c4 Nf6 4. Nc3 Bb4 5. cxd5 exd5 6. Bf4 c5 7. e3 Qa5 8. Rc1
c4 9. Nd2 Bf5 10. a3 Bxc3 11. Rxc3 O-O 12. Be2 Nbd7 13. O-O Rac8 14. f3 Bg6 15.
Qc1 b5 16. b4 Qd8 17. Bg5 Re8 18. Kh1 Rb8 19. f4 Qb6 20. f5 Bh5 21. Bf3 Ra8 22.
Rc2 Bg4 23. Bxg4 Nxg4 24. Nb1 Ndf6 25. Nc3 Ne4 26. Rf4 Nxe3 27. Qxe3 Nxg5 28.
Qg3 Ne4 29. Nxe4 Rxe4 30. f6 g6 31. Rxe4 dxe4 32. Qe5 Rd8 33. d5 Qd6 34. Qxe4
Qxd5 35. Qxd5 Rxd5 36. g4 h6 37. a4 a6 38. axb5 axb5 39. Ra2 g5 40. Kg2 Rd6 41.
Kf3 Rxf6+ 42. Ke4 Rc6 43. Ra8+ Kg7 44. Kd5 Rf6 45. Kc5 Rf2 46. Kxb5 h5 47. gxh5
Rxh2 48. Kxc4 g4 49. Kd4 Rb2 50. Ke4 Rxb4+ 51. Kf5 Kh7 52. Ra7 Kh6 53. Rxf7 g3
54. Rf6+ Kxh5 55. Rf8 Rb6 56. Rg8 Rb5+ 57. Kf4 Kh6 58. Rxg3 1/2-1/2

[Event "25th Czech Open A 2014"]
[Site "Pardubice CZE"]
[Date "2014.07.20"]
[Round "3.18"]
[White "Vajda, Levente"]
[Black "Mueller, Ralf1"]
[Result "1-0"]
[WhiteTitle "GM"]
[BlackTitle "FM"]
[WhiteElo "2569"]
[BlackElo "2392"]
[WhiteFideId "1203975"]
[BlackFideId "4606612"]
[EventDate "2014.07.18"]

1. e4 e5 2. Nf3 Nc6 3. Bc4 Nf6 4. d3 Bc5 5. c3 O-O 6. Nbd2 d5 7. exd5 Nxd5 8.
Ne4 Bb6 9. O-O f6 10. a4 Be6 11. b4 a6 12. a5 Ba7 13. Be3 Bxe3 14. fxe3 Bf7 15.
Qe1 Qe7 16. Nc5 Nd8 17. Nh4 g6 18. Qg3 Kh8 19. Bxd5 Bxd5 20. Qxg6 Bxg2 21. Qh6 1-0

[Event "25th Czech Open A 2014"]
[Site "Pardubice CZE"]
[Date "2014.07.20"]
[Round "3.19"]
[White "Stocek, Jiri"]
[Black "Aulia, Medina Warda"]
[Result "1/2-1/2"]
[WhiteTitle "GM"]
[BlackTitle "WGM"]
[WhiteElo "2545"]
[BlackElo "2382"]
[WhiteFideId "304760"]
[BlackFideId "7101570"]
[EventDate "2014.07.18"]

1. d4 e6 2. c4 Nf6 3. Nc3 Bb4 4. Nf3 b6 5. Bg5 h6 6. Bh4 Bb7 7. Qc2 g5 8. Bg3
Ne4 9. Nd2 f5 10. Ndxe4 Bxe4 11. Qb3 Bxc3+ 12. Qxc3 f4 13. f3 fxg3 14. fxe4 gxh2
15. Rxh2 Qf6 16. e5 Qf5 17. g3 Nc6 18. Rf2 Qg4 19. O-O-O O-O-O 20. d5 exd5 21.
cxd5 Nb4 22. Qb3 Na6 23. Rf3 Nc5 24. Qc3 Rhf8 25. Bg2 a5 26. Rh1 h5 27. Rhf1
Rfe8 28. Qe3 Qc4+ 29. Kb1 Qxd5 30. Qxg5 Qxe5 31. Qxe5 Rxe5 32. Rf5 Rxe2 33. Bf3
Re3 34. Rxh5 c6 35. g4 Rf8 36. Rf5 Rxf5 37. gxf5 Ne4 38. Bxe4 Rxe4 39. Kc2 Kc7
40. Kd3 Re8 41. Rf4 Kd6 42. b4 axb4 43. Rxb4 b5 44. Rd4+ Ke7 45. Re4+ Kf7 46.
Rd4 Ke7 47. Re4+ Kd8 48. Rh4 Re5 49. f6 Ke8 50. Rh7 Rf5 51. Re7+ Kd8 52. Rf7 Kc7
53. Ke4 Rf1 54. Ke5 c5 55. Rh7 c4 56. a3 Rf3 57. Rh8 c3 58. Rh2 Kb6 59. Rh8 Kc7
60. Rh2 Kb6 61. Rh8 1/2-1/2

[Event "25th Czech Open A 2014"]
[Site "Pardubice CZE"]
[Date "2014.07.20"]
[Round "3.20"]
[White "Kriebel, Tadeas"]
[Black "Gopal, G.N."]
[Result "1/2-1/2"]
[WhiteTitle "IM"]
[BlackTitle "GM"]
[WhiteElo "2398"]
[BlackElo "2544"]
[WhiteFideId "330027"]
[BlackFideId "5015693"]
[EventDate "2014.07.18"]

1. e4 c5 2. Nf3 d6 3. d4 cxd4 4. Nxd4 Nf6 5. Nc3 a6 6. g3 e5 7. Nde2 Be7 8. Bg2
O-O 9. O-O Be6 10. a4 Nbd7 11. h3 Rc8 12. Be3 Qa5 13. Qd2 Qc7 14. Rfc1 Qb8 15.
a5 Rfe8 1/2-1/2

[Event "25th Czech Open A 2014"]
[Site "Pardubice CZE"]
[Date "2014.07.20"]
[Round "3.22"]
[White "Krejci, Jan2"]
[Black "Seger, Ruediger"]
[Result "1/2-1/2"]
[WhiteTitle "GM"]
[BlackTitle "IM"]
[WhiteElo "2528"]
[BlackElo "2374"]
[WhiteFideId "322156"]
[BlackFideId "4617274"]
[EventDate "2014.07.18"]

1. e4 c6 2. d4 d5 3. Nc3 dxe4 4. Nxe4 Bf5 5. Nc5 b6 6. Nb3 e6 7. Nf3 Bd6 8. g3
h6 9. Bg2 Ne7 10. O-O Nd7 11. Re1 O-O 12. Nbd2 Rc8 13. Ne4 Bb8 14. c4 c5 15. b3
Nc6 16. Ba3 Re8 17. dxc5 Bxe4 18. Rxe4 Nxc5 19. Re2 Qf6 20. Bb2 e5 21. Qc2 Rcd8
22. a3 a5 23. Re3 Qd6 24. Rae1 Qd7 25. Bc3 e4 26. Nd2 f5 27. b4 axb4 28. axb4
Nd3 29. Rb1 Be5 30. Nxe4 fxe4 31. Bxe4 Bxc3 32. Qxc3 Ndxb4 33. Rxb4 Nxb4 34.
Qxb4 Qd4 35. Bd5+ Kh8 36. Rxe8+ Rxe8 37. Kg2 Qc5 38. Qb2 Rd8 39. Bf3 Rd4 40. Bd5
Rxd5 41. cxd5 Qxd5+ 42. Kf1 1/2-1/2